Convivencia y conflitos escolares de la República Dominicana (Record no. 9309)
[ view plain ]
| 000 -LEADER | |
|---|---|
| campo de control de longitud fija | 00526nam a2200145Ia 4500 |
| 001 - NÚMERO DE CONTROL | |
| campo de control | 1334 |
| 008 - DATOS DE LONGITUD FIJA--INFORMACIÓN GENERAL | |
| campo de control de longitud fija | 241024s9999 xx 000 0 und d |
| 082 ## - NÚMERO DE LA CLASIFICACIÓN DECIMAL DEWEY | |
| Número de clasificación | RD/370.1/OE28c/2010 |
| 100 ## - ENTRADA PRINCIPAL--NOMBRE DE PERSONA | |
| Nombre de persona | República Dominicana . OEI-Organización de Estados Iberoamericanos para la Educación, la Ciencia y la Cultura. Oficina Nacional de la República Dominicana |
| 245 #0 - MENCIÓN DEL TÍTULO | |
| Título | Convivencia y conflitos escolares de la República Dominicana |
| 260 ## - PUBLICACIÓN, DISTRIBUCIÓN, ETC. | |
| Nombre del editor, distribuidor, etc. | Santo Domingo |
| Fecha de publicación, distribución, etc. | 2010 |
| 590 ## - NOTA LOCAL (RLIN) | |
| Nota local | si |
| 901 ## - ELEMENTOS DE DATOS A LOCAL LDA (RLIN) | |
| a | 22/3/2011 9:13:04 a.m. |
No items available.